000 01271nam a22003014a 4500
005 20081015111656.0
008 080225s2008 waua 001 0 eng
010 _aENG-92108
020 _a9788120335585
_c595.00
035 _aEN-75641
037 _bDBAD / pub
040 _adpl
_bEnglish
082 _a658.404028553
100 _aBallew, Joli.
245 _aMCTS self-paced training kit (Exam 70-632) :
_bmanaging projects with Microsoft Office Project 2007 /
_cby Joli Ballew and Deanna Reynolds with Bonnie Biafore.
246 _aManaging projects with Microsoft Office Project 2007
260 _aNew Delhi
_bPrentice Hall of India
_c2008
300 _axxiii, 531 p. :
_bill.
_c23 cm (pbk)
_eCD-ROM
500 _aCD-ROM in pocket.
500 _aIncludes index.
650 _aProject management
_xComputer programs
_vExaminations, questions, etc.
650 _aElectronic data processing personnel
_xCertification.
650 _aMicrosoft software
_xExaminations
_vStudy guides.
700 _aReynolds, Deanna.
700 _aBiafore, Bonnie.
942 _2ddc
_cEN
_mBAL
_h658.404028553
999 _c19651
_d19651